Fogalmi emlékeztető
Elmentve itt :
| Dokumentumtípus: | Cikk |
|---|---|
| Megjelent: |
1990
|
| Sorozat: | Gondolat-jel
|
| Kulcsszavak: | Neveléstudomány |
| Online Access: | http://acta.bibl.u-szeged.hu/11450 |
| LEADER | 00512nab a2200169 i 4500 | ||
|---|---|---|---|
| 001 | acta11450 | ||
| 005 | 20210707103402.0 | ||
| 008 | 161015s1990 hu o 0|| hun d | ||
| 022 | |a 1216-8033 | ||
| 040 | |a SZTE Egyetemi Kiadványok Repozitórium |b hun | ||
| 041 | |a hun | ||
| 245 | 0 | 0 | |a Fogalmi emlékeztető |h [elektronikus dokumentum] |
| 260 | |c 1990 | ||
| 300 | |a 27-30 | ||
| 490 | 0 | |a Gondolat-jel | |
| 695 | |a Neveléstudomány | ||
| 856 | 4 | 0 | |u http://acta.bibl.u-szeged.hu/11450/1/gondolatjel_1990_027-030.pdf |z Dokumentum-elérés |